[Event "GER-chT Lands U20"]
[Site "Hannover"]
[Date "2014.10.03"]
[Round "1.7"]
[White "Ehmann, Johanna"]
[Black "Mangei, Jasmin"]
[Result "1/2-1/2"]
[WhiteElo "1517"]
[BlackElo "1796"]
[PlyCount "144"]
[EventDate "2014.10.03"]
[EventType "team-swiss"]
[EventRounds "7"]
[EventCountry "GER"]
[SourceTitle "CBM 162 Extra"]
[Source "ChessBase"]
[SourceDate "2014.10.17"]
[SourceVersion "1"]
[SourceVersionDate "2014.10.17"]
[SourceQuality "1"]
[WhiteTeam "Baden II"]
[BlackTeam "Baden"]
[WhiteTeamCountry "GER"]
[BlackTeamCountry "GER"]

1. e4 e5 2. Nf3 Nc6 3. d4 exd4 4. Bc4 Bc5 5. c3 Nf6 6. cxd4 Bb4+ 7. Bd2 Bxd2+ 8. Nbxd2 d5 9. exd5 Nxd5 10. Qb3 Nce7 11. 0-0 0-0 12. Rfe1 c6 13. a4 h6 14. Ne4 Nb6 15. Rac1 Nxc4 16. Qxc4 Be6 17. Qc3 Qc7 18. Nc5 Bf5 19. Ne5 Rad8 20. Ned3 Nd5 21. Qc4 Rd6 22. Ne4 Nb6 23. Qb4 Rd5 24. a5 Nc8 25. Rc5 Rfd8 26. Rxd5 Rxd5 27. Ndc5 b6 28. Na6 Qd8 29. axb6 axb6 30. Ng3 Rxd4 31. Qc3 Be6 32. Qxc6 Rc4 33. Qf3 Ra4 34. Rd1 Qe7 35. Qe2 Nd6 36. h3 Qf8 37. Nc7 Bb3 38. Re1 Qd8 39. Nb5 Bc4 40. Qd2 Bxb5 41. Rd1 Bc4 42. Qxd6 Qxd6 43. Rxd6 b5 44. Rd2 g6 45. Ne4 Kg7 46. Nd6 Ra1+ 47. Kh2 Bf1 48. Ne8+ Kf8 49. Nf6 Bc4 50. Nd7+ Ke7 51. Ne5 Be6 52. Nc6+ Kf6 53. Nd4 Bc4 54. b3 Bf1 55. Rc2 Ke5 56. Nf3+ Kd5 57. Rc7 Ke6 58. Nd4+ Kf6 59. Rc5 Rb1 60. Nxb5 Rxb3 61. Nd4 Rd3 62. Nf3 Rd6 63. Rc1 Be2 64. Rc3 g5 65. Re3 Bc4 66. Ne5 Be6 67. Ng4+ Kg6 68. Rf3 f5 69. Ne5+ Kf6 70. Ng4+ Kg7 71. Ne5 Kf6 72. Ng4+ Kg6 1/2-1/2

[Event "BL2-Sued 1314"]
[Site "Germany"]
[Date "2014.03.16"]
[Round "8.7"]
[White "Mangei, Jasmin"]
[Black "Hirneise, Jens"]
[Result "0-1"]
[WhiteElo "1816"]
[BlackElo "2269"]
[PlyCount "64"]
[EventDate "2013.10.13"]
[EventType "team-tourn"]
[EventRounds "9"]
[EventCountry "GER"]
[SourceTitle "EXT 2015"]
[Source "ChessBase"]
[SourceDate "2014.11.20"]
[SourceVersion "1"]
[SourceVersionDate "2014.11.20"]
[SourceQuality "1"]
[WhiteTeam "Untergrombach"]
[BlackTeam "Schwaebisch Hall"]
[WhiteTeamCountry "GER"]
[BlackTeamCountry "GER"]

1. e4 c5 2. Nf3 Nc6 3. Bb5 g6 4. 0-0 Bg7 5. c3 Nf6 6. Qe2 0-0 7. Rd1 d5 8. e5 Ne8 9. d4 cxd4 10. cxd4 Nc7 11. Bd3 Bg4 12. Be3 f6 13. exf6 Bxf6 14. Nbd2 Nxd4 15. Bxd4 Bxd4 16. Rab1 Ne6 17. Bc2 Bb6 18. Qd3 Bf5 19. Qb3 Nc5 20. Qc3 Bxc2 21. Qxc2 Rc8 22. Rf1 e5 23. Qd1 e4 24. Ne1 Ne6 25. Nb3 e3 26. Nd3 exf2+ 27. Nxf2 Rxf2 28. Rxf2 Bxf2+ 29. Kxf2 Qb6+ 30. Ke2 Rf8 31. Qxd5 Qf2+ 32. Kd3 Rd8 0-1

[Event "Baden-ch U16/U18 Girls"]
[Site "Karlsruhe"]
[Date "2014.01.06"]
[Round "7"]
[White "Fesselier, Melissa"]
[Black "Mangei, Jasmin"]
[Result "1/2-1/2"]
[WhiteElo "1880"]
[BlackElo "1679"]
[PlyCount "29"]
[EventDate "2014.01.??"]
[EventType "tourn"]
[EventRounds "6"]
[EventCountry "GER"]
[SourceTitle "EXT 2022"]
[Source "ChessBase"]
[SourceDate "2021.10.06"]
[SourceVersion "1"]
[SourceVersionDate "2021.10.06"]
[SourceQuality "1"]

1. e4 c6 2. d4 d5 3. e5 e6 4. Nf3 Nd7 5. Be2 Ne7 6. Nbd2 Nf5 7. Nb3 c5 8. dxc5 Nxc5 9. Nbd4 Nxd4 10. Nxd4 Be7 11. 0-0 Qb6 12. g3 Bd7 13. Rb1 0-0 14. Be3 Qc7 15. Nf3 1/2-1/2

[Event "Baden-ch U16/U18 Girls"]
[Site "Karlsruhe"]
[Date "2014.01.03"]
[Round "3"]
[White "Mangei, Jasmin"]
[Black "Denz, Annika"]
[Result "1-0"]
[WhiteElo "1679"]
[BlackElo "1375"]
[PlyCount "51"]
[EventDate "2014.01.??"]
[EventType "tourn"]
[EventRounds "6"]
[EventCountry "GER"]
[SourceTitle "EXT 2022"]
[Source "ChessBase"]
[SourceDate "2021.10.06"]
[SourceVersion "1"]
[SourceVersionDate "2021.10.06"]
[SourceQuality "1"]

1. e4 e5 2. Nf3 Nc6 3. Bc4 Bc5 4. c3 Nf6 5. d4 exd4 6. e5 Ng4 7. cxd4 Bb4+ 8. Nc3 0-0 9. h3 Na5 10. hxg4 Nxc4 11. Qd3 h6 12. g5 d5 13. gxh6 Bxc3+ 14. bxc3 g6 15. h7+ Kh8 16. Bg5 f6 17. Bxf6+ Rxf6 18. exf6 Qxf6 19. Kf1 b6 20. Re1 Ba6 21. Kg1 b5 22. Qe2 Nd6 23. Qe5 Qxe5 24. Rxe5 Bb7 25. Re7 c6 26. Ne5 1-0

[Event "Baden-ch U16/U18 Girls"]
[Site "Karlsruhe"]
[Date "2014.01.02"]
[Round "1"]
[White "Mangei, Jasmin"]
[Black "Weis, Olga"]
[Result "0-1"]
[WhiteElo "1679"]
[BlackElo "1724"]
[PlyCount "128"]
[EventDate "2014.01.??"]
[EventType "tourn"]
[EventRounds "6"]
[EventCountry "GER"]
[SourceTitle "EXT 2022"]
[Source "ChessBase"]
[SourceDate "2021.10.06"]
[SourceVersion "1"]
[SourceVersionDate "2021.10.06"]
[SourceQuality "1"]

1. e4 e5 2. Nf3 Nc6 3. Bc4 Bc5 4. c3 Nf6 5. d4 exd4 6. e5 d5 7. Bb5 Nd7 8. cxd4 Bb4+ 9. Bd2 Bxd2+ 10. Nbxd2 Ne7 11. Rc1 c6 12. Bd3 Ng6 13. 0-0 0-0 14. Re1 Re8 15. Nf1 Ndf8 16. Ne3 Nf4 17. Bb1 N8g6 18. Qd2 Nh4 19. Nxh4 Qxh4 20. Rc3 Qg5 21. Qc2 Ng6 22. Nf1 f6 23. Rce3 fxe5 24. dxe5 Be6 25. Nd2 d4 26. Rg3 Qf4 27. Nf3 Rad8 28. Qd1 Nh4 29. Nxh4 Qxh4 30. Re4 Qh6 31. h3 Bf5 32. Re1 Bxb1 33. Qxb1 Rd5 34. Qd3 c5 35. Qb3 Qc6 36. f4 c4 37. Qf3 d3 38. Qg4 Rd7 39. Rd1 Rde7 40. Kh2 Qe4 41. Rd2 Rf8 42. Rf3 b5 43. a3 a5 44. Rd1 Qe2 45. Rff1 Qxb2 46. Rb1 Qxa3 47. Rxb5 c3 48. Qf3 c2 49. Qe3 Rc7 50. Rc1 Qa4 51. Rd5 Qxf4+ 52. Qxf4 Rxf4 53. Rxd3 Rb4 54. Rd2 Rb2 55. e6 Kf8 56. Kg3 a4 57. Rf2+ Ke7 58. Rf7+ Kd6 59. Rxc7 Kxc7 60. Kf3 a3 61. Ke3 a2 62. Kd2 Kd6 63. g4 Rb1 64. Kxc2 Rxc1+ 0-1

[Event "GER-chT U14 Girls"]
[Site "Stuttgart"]
[Date "2007.12.27"]
[Round "2.4"]
[White "Zimmermann, Jasmin"]
[Black "Mangei, Jasmin"]
[Result "0-1"]
[WhiteElo "854"]
[BlackElo "906"]
[PlyCount "66"]
[EventDate "2007.12.27"]
[EventType "team-swiss"]
[EventRounds "7"]
[EventCountry "GER"]
[SourceTitle "EXT 2009"]
[Source "ChessBase"]
[SourceDate "2008.11.26"]
[SourceVersion "1"]
[SourceVersionDate "2008.11.26"]
[SourceQuality "1"]
[WhiteTeam "Harksheide U14 Girls"]
[BlackTeam "Untergrombach U14 Girls"]
[WhiteTeamCountry "GER"]
[BlackTeamCountry "GER"]

1. d4 d5 2. Nc3 Nf6 3. Nf3 Nc6 4. Bg5 Bg4 5. e3 e5 6. Be2 Bxf3 7. Bxf3 e4 8. Be2 Bb4 9. 0-0 Bxc3 10. bxc3 Qd6 11. Rb1 b6 12. c4 0-0 13. cxd5 Nxd5 14. c4 Nc3 15. Bf4 Qd7 16. Bg4 f5 17. Qb3 Nxb1 18. Rxb1 fxg4 19. c5+ Qf7 20. Qxf7+ Rxf7 21. cxb6 axb6 22. Rc1 Nb4 23. Bxc7 Rc8 24. g3 Rfxc7 25. Rxc7 Rxc7 26. Kg2 Nxa2 27. h3 gxh3+ 28. Kxh3 Rc2 29. d5 Rxf2 30. d6 Rd2 31. Kg4 Rxd6 32. Kf5 Nc3 33. Ke5 Rd1 0-1